Plant growth regulators: study guide for agricultural pest control advisors

Guardat en:
Dades bibliogràfiques
Autor corporatiu: University of California (Autor)
Format: Llibre
Idioma:anglès
Publicat: Berkeley University of California 1978
Matèries:
Etiquetes: Afegir etiqueta
Sense etiquetes, Sigues el primer a etiquetar aquest registre!

MARC

LEADER 00000nam a2200000 a 4500
001 UCR4057
003 CL-VaPUC
008 980307e19780000us |||||||||||||||||eng|d
082 0 4 |a 581.1  |b UNI  |2 21 
110 2 |a University of California  |e author  |9 403618 
245 1 0 |a Plant growth regulators: study guide for agricultural pest control advisors 
300 |a 46 p 
942 |c BK 
945 |d 19980307 00:00:00  |a rleighto 
260 |a Berkeley  |b University of California  |c 1978 
650 0 |a Fisiología vegetal  |9 260158 
650 0 |a Metabolismo vegetal  |9 333115 
650 0 |a Crecimiento de las plantas  |9 334405 
650 0 |a Botánica  |9 264202 
650 0 |a Control de plagas  |9 327373 
583 |a last modification  |c 20171220 05:50:19  |k Rodrigo Vera 
999 |c 267018  |d 267016